| 000 | 00472nam a2200205Ia 4500 | ||
|---|---|---|---|
| 003 | 0100 | ||
| 008 | 130303s9999 xx 000 0 und d | ||
| 020 | _a0070203830 | ||
| 040 | _cARRUPELIB | ||
| 050 | _aBD21.F38 1986 | ||
| 100 | _aFeldman, Fred | ||
| 245 | 2 | _aA Cartesian Introduction to philosophy | |
| 260 | _aNew York | ||
| 260 | _bMcGraw-Hill Book Company | ||
| 260 | _C1986 | ||
| 300 | _a223p. | ||
| 300 | _b 24cm | ||
| 650 | _aPHILOSOPHY | ||
| 942 | 0 | 0 | _03 |
| 999 |
_c22649 _d22649 |
||